• 首页
  • 本馆介绍
  • 公告通知
  • 最新文献
  • 馆藏检索
  • 电子资源
  • 读者导购
  • 参考咨询
  • 我的图书馆
  • 登录
  • 详细信息显示
  • 放入我的书架
  • 预约/预借图书
  • 作者相关作品
  • 分类相关作品
  • 丛书相关作品
  • 出版社相关作品

书目信息

  • 表格格式
  • 工作单格式
  • 卡片格式
题名:
朱德与毛泽东
    
 
作者: 吴为 , 李蓉 著
分册:  
出版信息: 北京   中共党史出版社  1998
页数: 417页
开本: 20cm
丛书名:
单 册:
中图分类: K827.7 , A752 , A752
科图分类:
主题词: 毛泽东--生平事迹 , 毛泽东--传记
电子资源:
ISBN: 7-80136-184-9
000 00853nam0 2200313 450
001 1231423986
005 20120928084610.70
010    @a7-80136-184-9@dCNY25.00
100    @a20021005d1998 em y0chiy0110 ea
101 0  @achi
102    @aCN@b110000
105    @ay z 000yd
106    @ar
200 1  @a朱德与毛泽东@Azhu de yu mao ze dong@f李蓉,吴为著
210    @a北京@c中共党史出版社@d1998
215    @a417页@d20cm
600  0 @a朱德@f(1886-1976)
600  0 @a毛泽东@f(1893-1976)@x生平事迹
600  0 @a毛泽东@f(1893-1976)
600  0 @a朱德@f(1886-1976)@x生平事迹
606 0  @a毛泽东@x生平事迹
606 0  @a毛泽东@x传记
690    @aK827.7@v3
690    @aA752@v3
690    @aA752@v4
701  0 @a吴为@Awu wei@4著
701  0 @a李蓉@Ali rong@4著
801  0 @aCN@bNLC@c19981203
905    @a10447@dA752@eJY29
    
    朱德与毛泽东/李蓉,吴为著 .-北京:中共党史出版社,1998
    417页;20cm
    
    
    ISBN 7-80136-184-9:CNY25.00
    
●
相关链接 在E读中查询图书 在五车中查询图书 在当当中查询图书 在豆瓣中查询图书


正题名:朱德与毛泽东     索取号:A752/JY29         预约/预借

序号 登录号 条形码 馆藏地/架位号 状态 备注
1 7814989   278149898   学院路分馆/ [索取号:A752/JY29] 在馆    
2 7814990   278149905   学院路分馆/ [索取号:A752/JY29] 在馆    
3 7814991   278149914   学院路分馆/ [索取号:A752/JY29] 在馆    
4 7814992   278149923   学院路分馆/ [索取号:A752/JY29] 在馆    
唐山师范学院图书馆 欢迎您!
大连网信软件有限公司© 版权所有